ALL Law Schools in the US - Statistics

General Stats
  • This quiz has been taken 109 times
    85 since last reset
  • The average score is 126 of 227
Answer Stats
Hint Answer % Correct
Cambridge, MA Harvard
96%
Ann Arbor, MI Michigan
96%
Tuscaloosa, AL Alabama
95%
Chicago, IL University of Chicago
95%
New Haven, CT Yale
95%
District of Columbia American (Washington)
93%
District of Columbia Georgetown
93%
District of Columbia George Washington
93%
New York City NYU
93%
Philadephia, PA Penn
93%
Los Angeles, CA UCLA
93%
St. Louis, MO Washington University in St. Louis
93%
Tucson, AZ Arizona (James E. Rogers)
91%
Minneapolis, MN Minnesota
91%
New York City Columbia
89%
Columbus, OH Ohio State (Moritz)
89%
Newton, MA Boston College
88%
Boston, MA Boston U
88%
Hartford, CT Connecticut
88%
Chapel Hill, NC North Carolina
88%
Camden, NJ/Newark, NJ Rutgers
88%
Austin, TX Texas
88%
Los Angeles, CA USC (Gould)
88%
Charlottesville, VA Virginia
88%
Seattle, WA Washington
88%
Madison, WI Wisconsin
88%
Phoenix, AZ Arizona State (Sandra Day O'Connor)
86%
Fayetteville, AR Arkansas Fayetteville
86%
Durham, NC Duke
86%
Gainesville, FL Florida (Levin)
86%
Lawrence, KS Kansas
86%
Coral Gardens, FL Miami
86%
Columbia, MO Missouri - Columbia
86%
Chicago, IL Northwestern (Pritzker)
86%
University Park, PA Penn State
86%
San Diego, CA San Diego
86%
Ithaca, NY Cornell
84%
Athens, GA Georgia
84%
Champaign, IL Illinois
84%
Bloomington, IN Indiana Bloomington (Maurer)
84%
Indianapolis, IN Indiana (Robert H. McKinney)
84%
Oxford, MS Mississippi (Ole Miss)
84%
Lincoln, NE Nebraska
84%
Eugene, OR/Portland, OR Oregon
84%
Columbia, SC South Carolina (Joseph F. Rice)
84%
Provo, UT BYU (J. Reuben Clark)
82%
Honolulu, HI Hawaii (William S. Richardson)
82%
Iowa City, IA Iowa
82%
Baltimore, MD Maryland (Francis King Carey)
82%
Norman, OK Oklahoma
82%
Palo Alto, CA Stanford
82%
Moscow, ID/Boise, ID Idaho
81%
South Bend, IN Notre Dame
81%
Syracuse, NY Syracuse
81%
Knoxville, TN Tennessee
81%
New Orleans, LA Tulane
81%
Chicago, IL Chicago-Kent (Illinois Institute of Technology)
79%
Concord, NH New Hampshire
79%
Laramie, WY Wyoming
79%
Buffalo, NY Buffalo (SUNY)
77%
Boulder, CO Colorado
77%
Tallahassee, FL Florida State
77%
Houston, TX Houston
77%
Lexington, KY Kentucky (J. David Rosenberg)
77%
Missoula, MT Montana (Alexander Blewett III)
77%
Pittsburgh, PA Pittsburgh
77%
San Francisco, CA San Francisco
77%
Irvine, CA UC Irvine
77%
Salt Lake City, UT Utah (S.J. Quinney)
77%
Nashville, TN Vanderbilt
77%
Dayton, OH Dayton
75%
Portland, ME Maine
75%
East Lansing, MI Michigan State
75%
Grand Forks, ND North Dakota
75%
Davis, CA UC Davis (King Hall)
75%
Morgantown, WV West Virginia
75%
Atlanta, GA Emory
74%
Memphis, TN Memphis (Cecil C. Humphreys)
74%
Vermillion, SD South Dakota
74%
Toledo, OH Toledo
74%
South Royalton, VT Vermont Law
74%
Williamsburg, VA William & Mary
74%
Albany, NY Albany (Union University)
72%
Waco, TX Baylor
72%
Arlington, VA George Mason (Antonin Scalia)
72%
Louisville, KY Louisville (Louis D. Brandeis)
72%
Albuquerque, NM New Mexico
72%
Fort Worth, TX Texas A&M
72%
Tulsa, OK Tulsa
72%
Akron, OH Akron
70%
Denver, CO Denver (Sturm)
70%
Baton Rouge, LA Louisiana State (Paul M. Hebert)
70%
Seattle, WA Seattle
70%
Winston-Salem, NC Wake Forest
70%
Dallas, TX Souther Methodist University (Dedman)
68%
Cincinnati, OH Cincinnati
67%
District of Columbia District of Columbia (David A. Clarke)
67%
District of Columbia Howard
67%
Boston, MA Northeastern
67%
Richmond, VA Richmond
67%
Lubbock, TX Texas Tech
67%
District of Columbia Catholic U (Columbus)
65%
Atlanta, GA Georgia State
65%
Philadelphia, PA Temple (Beasley)
65%
Berkeley, CA UC Berkeley
65%
Las Vegas, NV UNLV (William S. Boyd)
65%
Cleveland, OH Case Western Reserve
63%
New York City Fordham
63%
Malibu, CA Pepperdine
63%
Radnor, PA Villanova
63%
Milwaukee, WI Marquette
61%
Dartmouth, MA Massachusetts
61%
San Juan, PR Puerto Rico
61%
Charleston, SC Charleston School of Law
60%
St. Louis, MO Saint Louis
60%
Baton Rouge, LA Southern
60%
Little Rock, AR Arkansas Little Rock (William H. Bowen)
58%
Omaha, NE Creighton
58%
Lexington, VA Washington & Lee
58%
Atlanta, GA Atlanta's John Marshall
56%
Lansing, MI Thomas M. Cooley
56%
Spokane, WA Gonzaga
54%
Los Angeles, CA Loyola Marymount University
54%
San Francisco, CA UC San Francisco (formerly UC Hastings)
54%
Baltimore, MD Baltimore
53%
New York City CUNY
53%
Des Moines, IA Drake
53%
Lynchburg, VA Liberty
53%
Nashville, TN Belmont
51%
Miami, FL Florida International
51%
Carbondale, IL Southern Illinois
51%
Santa Barbara, CA California School of Law
49%
Cleveland, OH Cleveland State (Marshall)
49%
Chicago, IL DePaul
49%
Detroit, MI Detroit Mercy
49%
Philadelphia, PA Drexel
49%
DeKalb, IL Northern Illinois
49%
Hempstead, NY Hofstra (Maurice A. Deane)
47%
Santa Clara, CA Santa Clara
47%
Newark, NJ Seton Hall
47%
New York City St. John's
47%
Miami Gardens, FL St. Thomas (FL) (Benjamin L. Crump)
47%
Minneapolis, MN St. Thomas (MN)
47%
Wilmington, DE Wilmington
47%
New York City Yeshiva (Benjamin N. Cardozo)
47%
Chicago, IL Illinois Chicago
46%
Chicago, IL Loyola Chicago
46%
Kansas City, MO Missouri - Kansas City
46%
Oklahoma City, OK Oklahoma City
46%
Birmingham, AL Samford (Cumberland)
46%
Houston, TX Texas Southern (Thurgood Marshall)
46%
Birmingham, AL Birmingham
44%
Portland, OR Lewis & Clark
44%
White Plains, NY Pace (Elisabeth Haub)
44%
Sacramento, CA Pacific (McGeorge)
44%
Macon, GA Mercer
42%
Highland Heights, KY Northern Kentucky (Salmon P. Chase)
42%
Jackson, MS Mississippi College
40%
Hamden, CT Quinnipiac
40%
Bristol, RI Roger Williams
40%
Wilmington, DE Widener (DE)
40%
New York City Brooklyn Law
39%
Gulfport, FL Stetson
39%
Detroit, MI Wayne State
39%
Pittsburgh, PA Duquesne
37%
Dallas, TX North Texas
37%
Boston, MA Suffolk
37%
Grundy, VA Appalachian
35%
New York City New York Law School
35%
Ada, OH Ohio Northern (Claude W. Pettit)
35%
Los Angeles, CA Southwestern
35%
San Antonio, TX St. Mary's
35%
Topeka, KS Washburn
35%
Orlando, FL Florida A&M
33%
New Orleans, LA Loyola New Orleans
33%
Salem, OR Willamette
33%
Orange, CA Chapman (Fowler)
32%
Houston, TX South Texas
32%
Springfield, MA Western New England
32%
Naples, FL Ave Maria
30%
Raleigh, NC Campbell (Norman Adrian Wiggins)
30%
Columbus, OH Capital
30%
Montgomery, AL Faulkner (Thomas Goode Jones)
30%
Durham, NC North Carolina Central
30%
Greensboro, NC Elon
28%
San Francisco, CA Golden Gate
28%
Davie, FL Nova Southeastern (Shepard Broad)
28%
Virginia Beach, VA Regent
28%
Orlando, FL Barry (Dwayne O. Andreas)
26%
Los Angeles, CA Abraham Lincoln
25%
Central Islip, NY Touro (Jacob D. Fuchsberg)
25%
Saint Paul, MN Mitchell Hamline
23%
Online (JFK) National University
21%
Charlottesville, VA Judge Advocate General's
21%
Carlisle, PA Penn State Dickinson
21%
San Diego, CA California Western
19%
Boston, MA New England Law Boston
18%
Birmingham, AL Miles
16%
Ponce, PR Pontifical Catholic
16%
Harrisburg, PA Widener Commonwealth
16%
Knoxville, TN Lincoln Memorial (Duncan)
14%
Nashville, TN Nashville Law
14%
San Juan, PR Inter American
12%
San Diego, CA Thomas Jefferson
12%
Irvine, CA Western State College of Law at Westcliff University
12%
Ontario, CA La Verne
9%
Seaside, CA Monterey
9%
Menlo Park, CA St. Francis
9%
San Francisco, CA Alliant International
7%
Andover, MA Massachusetts School of Law
7%
Los Angeles, CA Purdue Global
5%
Stockton, CA Humphreys (Laurence Drivon)
4%
Clovis, CA San Joaquin
4%
Inglewood & Chatsworth, CA West Los Angeles
4%
Indio, CA California Desert Trial Academy
2%
Chico, CA Cal Northern
2%
Ventura, CA Colleges of Law
2%
Sacramento, CA Lincoln Law Sacramento
2%
San Jose, CA Lincoln Law San Jose
2%
Sacramento, CA Northwestern California
2%
Fresno, CA Oak Brook
2%
Long Beach, CA Pacific Coast
2%
Santa Ana, CA Trinity International
2%
San Diego, CA Western Sierra
2%
Santa Ana, CA William Howard Taft
2%
Torrance, CA American Institute of Law
0%
Ventura & Santa Barbara, CA Southern California Institute of Law
0%
No matching quizzes found
Score Distribution
Percent of People with Each Score
Percentile by Number Answered
Your Score History
You have not taken this quiz since the last reset